000 00563nam a22001577a 4500
003 OSt
005 20150920103205.0
008 150920b xxu||||| |||| 00| 0 eng d
040 _cRUA
082 _aAGR BUN 2008 B037 Or.1
100 _9919
_aBUNRY, RINDA.
245 _aweed growth on different soil types in kandal province (រុក្ខជាតិចង្រៃដុះទៅលើប្រភេទ ដី​ផ្សេង២ នៅខេត្តកណ្តាល)
260 _aPhnom Penh
_bRUA
_c2008
300 _a40p.
_bill.
_c29cm.
942 _2ddc
_cAGR
999 _c885
_d885